000 00293cam a22000977a 4500
008 180718b1995 xxu||||| |||| 00| 0 eng d
245 _aSadhana paddtiyon ka gyan aur vigyan
_cedited by brahmverchasva
260 _aMathura
_bAkhand Jyoti Sansthan
_c1995
300 _aV.P.
700 _abrahmverchasva
999 _c440441
_d440441